| 000 | 01982nam0a2200325 4500 | ||
|---|---|---|---|
| 001 | RU\NLR\BIBL_A\022812636 | ||
| 005 | 20260622000456.0 | ||
| 010 |
_a978-5-9997-0974-5 _9300 |
||
| 035 | _a(NLR Aleph) 022812636 | ||
| 090 |
_a13732932 _c13732932 |
||
| 100 | _a20260520d2025 k y0rusy50 ba | ||
| 101 | 0 | _aeng | |
| 102 | _aRU | ||
| 105 | _aa j 000yy | ||
| 181 | 0 |
_ai3 _baxxe |
|
| 182 | 0 | _an | |
| 200 | 1 |
_aSAP basics _eучебное пособие _eдля проведения лекционных, лабораторных и практических занятий _eдля студентов бакалаврских и магистерских программ "Информационные системы и технологии", "Прикладная информатика" и "Приборостроение" _fР. К. Литвяк _gМинистерство науки и высшего образования Российской Федерации, Южно-Российский государственный политехнический университет (НПИ) имени М. И. Платова |
|
| 203 |
_aТекст _bвизуальный _cнепосредственный |
||
| 210 |
_aНовочеркасск _cЮРГПУ (НПИ) _d2025 |
||
| 215 |
_a87 с. _cил. _d21 |
||
| 320 | _aБиблиогр.: с. 87 (8 назв.) | ||
| 606 | 1 |
_aSAP, информационная система _jУчебные издания для высших учебных заведений _2nlr_sh2 _3RU\NLR\auth\661555043 |
|
| 606 | 1 |
_aПредприятия _xУправление _xИнформационные технологии _jУчебные издания для высших учебных заведений _2nlr_sh2 _3RU\NLR\AUTH\6601713241 |
|
| 686 | 1 | _aЗ988.02я73-1 | |
| 686 | 1 | _aУ21(0)91в612я73 | |
| 700 | 1 |
_aLitvjak _bR. K. _gRoman Konstantinovič |
|
| 942 | _cBOOK | ||
| 980 | _aNB | ||